000 00468nam a2200181Ia 4500
001 21454
005 20260306172920.0
008 260306t2007||||xx |||||||||||||| ||spa||
041 _aESP
082 _a345
_bR47
100 _aAlfaro Reyna, Luis Miguel (dir)
_eAUT
245 0 _aLa prueba, reforma del proceso penal y derechos fundamentales
260 _c2007
300 _a706 páginas :
_c24 cm.
650 _aGEN
654 _aCDE
942 _cLIB
_dJUS
_fJUS
_2ddc
_n
999 _c21454
_d21454